Nghiên cứu thực trạng xây dựng và phát triển thương hiệu của các doanh nghiệp trên địa bàn thành phố Cần Thơ : Báo cáo tổng kết đề tài khoa học và công nghệ cấp Trường
Cung cấp thông tin tổ quát về thực trạng xây dựng và phát triển thương hiệu của các doanh ghiệp ở thành phố Cần Thơ. Đồng thời nghiên cứu xác định các nhân tố ảnh hưởng đến quyết định thương hiệu, đề xuất giải pháp phát triển thưo...
Saved in:
| Main Author: | |
|---|---|
| Format: | Book |
| Language: | Undetermined |
| Published: |
Cần Thơ
Trường Đại học Cần Thơ
2011
|
| Subjects: | |
| Tags: |
Add Tag
No Tags, Be the first to tag this record!
|
| Institutions: | Trung tâm Học liệu Trường Đại học Cần Thơ |
|---|
| LEADER | 01447nam a2200229Ia 4500 | ||
|---|---|---|---|
| 001 | CTU_203336 | ||
| 008 | 210402s9999 xx 000 0 und d | ||
| 082 | |a 658.827 | ||
| 082 | |b Th502 | ||
| 088 | |a TSV2010-14 | ||
| 100 | |a Trần, Bình Diễm Thuận | ||
| 245 | 0 | |a Nghiên cứu thực trạng xây dựng và phát triển thương hiệu của các doanh nghiệp trên địa bàn thành phố Cần Thơ : | |
| 245 | 0 | |b Báo cáo tổng kết đề tài khoa học và công nghệ cấp Trường | |
| 245 | 0 | |c Trần Bình Diễm Thuận (chủ nhiệm đề tài) ; Nguyễn Quốc Nghi (cán bộ hướng dẫn) | |
| 260 | |a Cần Thơ | ||
| 260 | |b Trường Đại học Cần Thơ | ||
| 260 | |c 2011 | ||
| 520 | |a Cung cấp thông tin tổ quát về thực trạng xây dựng và phát triển thương hiệu của các doanh ghiệp ở thành phố Cần Thơ. Đồng thời nghiên cứu xác định các nhân tố ảnh hưởng đến quyết định thương hiệu, đề xuất giải pháp phát triển thương hiệu doanh nghiệp. | ||
| 650 | |a Product management,Quản lý sản phẩm,Brand name products,Nhãn hiệu và sản phẩm | ||
| 904 | |i Nguyên | ||
| 915 | |a KT | ||
| 980 | |a Trung tâm Học liệu Trường Đại học Cần Thơ | ||